Κατάλογος Βιβλιοθηκών Mediterranean College

Duus' Εντοπιστική Διάγνωση στη Νευρολογία / Ανατομία - Φυσιολογία - Σημεία - Συμπτώματα (Record no. 9673)

MARC details
000 -LEADER
fixed length control field 01438cam a22002174a 4500
005 - ΗΜΕΡΟΜΗΝΙΑ ΚΑΙ ΩΡΑ ΤΕΛΕΥΤΑΙΑΣ ΕΝΗΜΕΡΩΣΗΣ
Πεδίο ελέγχου 20250605164406.0
008 - FIXED-LENGTH DATA ELEMENTS--GENERAL INFORMATION
Πεδίο ελέγχου σταθερού μήκους 250528s ||||||||||||||||||||||||d
035 ## - SYSTEM CONTROL NUMBER
System control number 24832
020 ## - ISBN
ISBN 9789606802126
040 ## - ΠΗΓΗ ΚΑΤΑΛΟΓΟΓΡΑΦΗΣΗΣ
Φορέας πρωτότυπης καταλογογράφησης MC Athens Campus Library
Γλώσσα καταλογογράφησης Ελληνικά, Μοντέρνα (1453-)
Modifying agency MC Athens Campus Library
Κανόνες περιγραφικής καταλογογράφησης AACR2
245 1# - ΤΙΤΛΟΣ ΚΑΙ ΔΗΛΩΣΗ ΥΠΕΥΘΥΝΟΤΗΤΑΣ
Τίτλος Duus' Εντοπιστική Διάγνωση στη Νευρολογία / Ανατομία - Φυσιολογία - Σημεία - Συμπτώματα
260 ## - PUBLICATION, DISTRIBUTION, ETC.
Name of publisher, distributor, etc. Κωνσταντάρας,
Date of publication, distribution, etc. 2009
300 ## - PHYSICAL DESCRIPTION
Extent 520
520 ## - SUMMARY, ETC.
Summary, etc. Στοιχεία του Νευρικού Συστήματος, Σωματοαισθητικό Σύστημα, Κινητικό Σύστημα, Το Στέλεχος, Παρεγκεφαλίτιδα, Διεγκέφαλος και Αυτόνομο Νευρικό Σύστημα, Μεταιχμιακό Σύστημα, Βασικά Γάγγλια, Εγκεφαλικά Ημισφαίρια, Μήνιγγες του Εγκεφάλου και του Νωτιαίου Μυελού: Εγκεφαλονωτιαίο Υγρό και Κοιλιακό Σύστημα, Αιμάτωση και Διαταραχές της Αιμάτωσης του Κεντρικού Νευρικού Συστήματος, Προτεινόμενη Βιβλιογραφία, Ευρετήριο.
700 1# - ΠΡΟΣΘΕΤΗ ΑΝΑΓΡΑΦΗ--ΦΥΣΙΚΟ ΠΡΟΣΩΠΟ
Personal name Baehr M.
9 (RLIN) 9567
700 1# - ΠΡΟΣΘΕΤΗ ΑΝΑΓΡΑΦΗ--ΦΥΣΙΚΟ ΠΡΟΣΩΠΟ
Personal name Frotscher M
9 (RLIN) 9568
700 1# - ΠΡΟΣΘΕΤΗ ΑΝΑΓΡΑΦΗ--ΦΥΣΙΚΟ ΠΡΟΣΩΠΟ
Personal name Βασιλοπούλου Σοφία
9 (RLIN) 9569
942 ## - ADDED ENTRY ELEMENTS (KOHA)
Koha item type Books
Holdings
Τύπος τεκμηρίου Βιβλιοθήκη Τρέχουσα τοποθεσία Barcode Αριθμός εισαγωγής Ημερομηνία απόκτησης Ταξιθετικό σύμβολο Αριθμός αντιτύπου Κατάσταση απόσυρσης Κατάσταση χαμένου Κατάσταση κατεστραμμένου Μη δανεισμός Σύνολο δανεισμών Ημερομηνία τελευταίας εμφάνισης Η τιμή ισχύει από
Books MC Thessaloniki Campus Library MC Thessaloniki Campus Library 9780000096722 7773 05/06/2025 616.8 BAE 1           05/06/2025 05/06/2025

MC Athens Campus Library
Πατησίων 94 & Κοδριγκτώνος 13, 104 34
Πελλήνης 8 & Πατησίων 107, 112 51
Τ: +30 210 8899600

MC Thessaloniki Campus Library
Ίωνος Δραγούμη 21, 54625 | Ίωνος Δραγούμη 15, 54625
Τ: +30 2310 287779 – Τ: +30 2314 440300